[Event "RUS-ch Blitz"]
[Site "Sochi"]
[Date "2023.10.14"]
[Round "1"]
[White "Drygalov, Sergey"]
[Black "Yatchenko, Leonid"]
[Result "1-0"]
[WhiteElo "2547"]
[BlackElo "2042"]
[PlyCount "55"]
[EventDate "2023.10.14"]
[EventType "swiss (blitz)"]
[EventRounds "13"]
[EventCountry "RUS"]
[SourceTitle "Mega2024 Update 01"]
[Source "Chessbase"]
[SourceDate "2023.11.12"]
[SourceVersion "1"]
[SourceVersionDate "2023.11.12"]
[SourceQuality "1"]

1. d4 d5 2. Nf3 Nf6 3. c4 dxc4 4. e3 e6 5. Bxc4 c5 6. 0-0 a6 7. Re1 b5 8. Bf1 Bb7 9. a4 b4 10. Nbd2 Be7 11. e4 cxd4 12. e5 Nd5 13. Nc4 0-0 14. Nxd4 Nb6 15. Qg4 Nxc4 16. Bh6 g6 17. Bxc4 Re8 18. Rad1 Qb6 19. a5 Qa7 20. Bxe6 Bf8 21. Bxf8 Rxf8 22. Bb3 Nc6 23. e6 Nxd4 24. exf7+ Kh8 25. Qxd4+ Qxd4 26. Rxd4 Rab8 27. Rxb4 Kg7 28. h3 1-0

[Event "RUS-ch Blitz"]
[Site "Sochi"]
[Date "2023.10.14"]
[Round "7"]
[White "Goltsev, Dmitry"]
[Black "Yatchenko, Leonid"]
[Result "1-0"]
[WhiteElo "2215"]
[BlackElo "2042"]
[PlyCount "147"]
[EventDate "2023.10.14"]
[EventType "swiss (blitz)"]
[EventRounds "13"]
[EventCountry "RUS"]
[SourceTitle "Mega2024 Update 01"]
[Source "Chessbase"]
[SourceDate "2023.11.12"]
[SourceVersion "1"]
[SourceVersionDate "2023.11.12"]
[SourceQuality "1"]

1. e4 c6 2. d4 d5 3. Nc3 dxe4 4. Nxe4 h6 5. Nf3 Bf5 6. Bd3 Nd7 7. Qe2 Bxe4 8. Bxe4 Ngf6 9. Bd3 e6 10. 0-0 Bd6 11. c4 0-0 12. Bd2 Qc7 13. Rac1 c5 14. Bc3 Rfd8 15. dxc5 Nxc5 16. Bc2 Be7 17. b4 Ncd7 18. Rfd1 Rac8 19. Bb3 b6 20. c5 Nb8 21. Bxe6 fxe6 22. Qxe6+ Kh7 23. Be5 Qc6 24. Qxe7 Rxd1+ 25. Rxd1 Nbd7 26. Bxf6 Nxf6 27. cxb6 Qxb6 28. h3 Re8 29. Qc5 Qa6 30. Qc2+ Kh8 31. Re1 Rb8 32. Ne5 Rxb4 33. Ng6+ Kg8 34. Rd1 Rb8 35. Rd4 Qb6 36. Rc4 Qb1+ 37. Qxb1 Rxb1+ 38. Kh2 Rb2 39. a4 Rxf2 40. Rc7 a5 41. Rc5 Ra2 42. Rxa5 Kf7 43. Ne5+ Ke6 44. Nd3 Ra3 45. Nf4+ Kd6 46. Ra6+ Ke5 47. Ne2 Nd5 48. Ra5 Ke4 49. Ng3+ Kd4 50. Nf5+ Kc4 51. Nxg7 Ne3 52. Nf5 Nd5 53. Nxh6 Ra2 54. Nf5 Nf4 55. Nh4 Kd4 56. Ra8 Ke5 57. Kg3 Ra3+ 58. Kg4 Nd5 59. Re8+ Kd6 60. Rd8+ Ke6 61. Nf3 Rxa4+ 62. Kg5 Ra2 63. g4 Ra3 64. Nd4+ Ke5 65. Nc6+ Ke6 66. h4 Ra4 67. h5 Nf6 68. Rd4 Ra6 69. Nd8+ Ke7 70. h6 Ra1 71. Nc6+ Kf7 72. Rf4 Kg8 73. Rxf6 Ra6 74. Ne7+ 1-0

[Event "Sochi Pearl Blitz op"]
[Site "Sochi"]
[Date "2023.10.12"]
[Round "7"]
[White "Triapishko, Alexandr"]
[Black "Yatchenko, Leonid"]
[Result "1-0"]
[WhiteElo "2499"]
[BlackElo "2042"]
[PlyCount "73"]
[EventDate "2023.10.12"]
[EventType "swiss (blitz)"]
[EventRounds "13"]
[EventCountry "RUS"]
[SourceTitle "Mega2024 Update 01"]
[Source "Chessbase"]
[SourceDate "2023.11.12"]
[SourceVersion "1"]
[SourceVersionDate "2023.11.12"]
[SourceQuality "1"]

1. Nf3 c5 2. g3 Nc6 3. Bg2 g6 4. c3 Bg7 5. d4 cxd4 6. cxd4 d5 7. 0-0 Nf6 8. Nc3 0-0 9. Ne5 Bf5 10. Bf4 Nd7 11. Bxd5 Ndxe5 12. dxe5 Nxe5 13. Qb3 e6 14. Bg2 g5 15. Rfd1 Qe7 16. Be3 Nc6 17. Qb5 a6 18. Qb6 Qb4 19. Qxb4 Nxb4 20. Bc5 Nc2 21. Bxf8 Bxc3 22. bxc3 Nxa1 23. Be7 Nc2 24. Bxb7 Ra7 25. Bf6 h6 26. Bf3 g4 27. Bg2 Rc7 28. h4 gxh3 29. Bf3 Rc8 30. g4 Bg6 31. Kh2 Na3 32. Kxh3 Nb5 33. c4 Na3 34. c5 Bc2 35. Rd2 Rxc5 36. Be7 Nb1 37. Rd8+ 1-0

[Event "Sochi Pearl Rapid op"]
[Site "Sochi"]
[Date "2023.10.10"]
[Round "5"]
[White "Vastrukhin, Oleg"]
[Black "Yatchenko, Leonid"]
[Result "1-0"]
[WhiteElo "2343"]
[BlackElo "2042"]
[PlyCount "123"]
[EventDate "2023.10.09"]
[EventType "swiss (rapid)"]
[EventRounds "11"]
[EventCountry "RUS"]
[SourceTitle "Mega2024 Update 01"]
[Source "Chessbase"]
[SourceDate "2023.11.12"]
[SourceVersion "1"]
[SourceVersionDate "2023.11.12"]
[SourceQuality "1"]

1. c4 c5 2. Nc3 g6 3. b3 Bg7 4. Bb2 Nc6 5. e3 Nf6 6. Nge2 0-0 7. d4 cxd4 8. Nxd4 d5 9. Nxc6 bxc6 10. Be2 Ba6 11. 0-0 dxc4 12. Na4 Bb5 13. Bxc4 Bxc4 14. bxc4 Rb8 15. Rb1 Qc7 16. Nc5 Qa5 17. Bxf6 Qxc5 18. Bh4 Rxb1 19. Qxb1 g5 20. Bg3 Qxc4 21. Qb7 Qxa2 22. Qxe7 Qd5 23. e4 Qe6 24. Qxg5 Qxe4 25. h4 Rc8 26. Rd1 h6 27. Qc5 a5 28. Qxa5 c5 29. Qa6 Ra8 30. Qb6 c4 31. f3 Qf5 32. Qb7 Rc8 33. Rd5 Qe6 34. Rd7 Re8 35. Rc7 c3 36. Qc6 Bd4+ 37. Kh2 Qxc6 38. Rxc6 Re2 39. h5 Kg7 40. Bf4 Be5 41. Bxe5+ Rxe5 42. g4 Re3 43. Kg3 Rd3 44. Kf4 Rd7 45. Rxc3 f6 46. Kf5 Rd5+ 47. Ke6 Re5+ 48. Kd6 Re1 49. Rc7+ Kg8 50. f4 Re4 51. f5 Rxg4 52. Ke6 Ra4 53. Rd7 Rh4 54. Kxf6 Rxh5 55. Ke6 Rh1 56. Rd8+ Kh7 57. f6 Re1+ 58. Kf7 h5 59. Rd5 Kh6 60. Kg8 Rf1 61. f7 h4 62. f8Q+ 1-0

[Event "Sochi Pearl Rapid op"]
[Site "Sochi"]
[Date "2023.10.09"]
[Round "2"]
[White "Yatchenko, Leonid"]
[Black "Khripachenko, Alexander"]
[Result "1/2-1/2"]
[WhiteElo "2042"]
[BlackElo "2259"]
[PlyCount "59"]
[EventDate "2023.10.09"]
[EventType "swiss (rapid)"]
[EventRounds "11"]
[EventCountry "RUS"]
[SourceTitle "Mega2024 Update 01"]
[Source "Chessbase"]
[SourceDate "2023.11.12"]
[SourceVersion "1"]
[SourceVersionDate "2023.11.12"]
[SourceQuality "1"]

1. e4 e5 2. Nf3 Nf6 3. Nxe5 d6 4. Nf3 Nxe4 5. Nc3 Nf6 6. d4 g6 7. Bc4 d5 8. Bd3 Bg7 9. 0-0 0-0 10. Bf4 Bg4 11. h3 Bxf3 12. Qxf3 Nc6 13. Be5 Nxe5 14. dxe5 Nd7 15. Qxd5 c6 16. Qb3 Nxe5 17. Rad1 Qb6 18. Rfe1 Rad8 19. Bf1 Qc7 20. Ne4 b6 21. Qg3 Qe7 22. c3 h6 23. f4 Rxd1 24. Rxd1 Nd7 25. Qf3 Nc5 26. Nxc5 Qxc5+ 27. Qf2 Qe7 28. Qf3 Qc5+ 29. Qf2 Qe7 30. Qf3 1/2-1/2

[Event "Anapa Rapid op"]
[Site "Anapa"]
[Date "2023.10.04"]
[Round "4"]
[White "Krepkiy, Igor"]
[Black "Yatchenko, Leonid"]
[Result "1/2-1/2"]
[WhiteElo "1582"]
[BlackElo "2042"]
[PlyCount "117"]
[EventDate "2023.10.03"]
[EventType "swiss (rapid)"]
[EventRounds "11"]
[EventCountry "RUS"]
[SourceTitle "Mega2024 Update 01"]
[Source "Chessbase"]
[SourceDate "2023.11.12"]
[SourceVersion "1"]
[SourceVersionDate "2023.11.12"]
[SourceQuality "1"]

1. d4 d5 2. c4 dxc4 3. Nc3 Nf6 4. e3 e5 5. Bxc4 exd4 6. exd4 Bd6 7. Nf3 0-0 8. 0-0 h6 9. h3 Nc6 10. a3 Bf5 11. Be3 Qd7 12. Nb5 Be6 13. Nxd6 Qxd6 14. Bxe6 Qxe6 15. Re1 Qd6 16. Qd2 Nd5 17. Rad1 Rad8 18. Qc2 Rfe8 19. Nd2 Nxe3 20. fxe3 Qg3 21. Nf3 Re7 22. Qf2 Qd6 23. e4 Qf4 24. d5 Ne5 25. Nd4 Qxf2+ 26. Kxf2 g6 27. g4 a6 28. b3 Rd6 29. Re3 Red7 30. Nf3 Nxf3 31. Kxf3 c6 32. Red3 Kf8 33. Ke3 Ke7 34. dxc6 bxc6 35. Rxd6 Rxd6 36. Rc1 Kd7 37. Rf1 f6 38. Rc1 Kc7 39. h4 g5 40. hxg5 hxg5 41. b4 Kb6 42. a4 a5 43. Rb1 axb4 44. Rxb4+ Ka6 45. Rd4 Re6 46. Rd8 c5 47. Rc8 Kb6 48. Rb8+ Kc7 49. Rb5 Kc6 50. Rb2 Rd6 51. Rd2 Re6 52. Rb2 Re8 53. a5 Ra8 54. Rb6+ Kc7 55. Rb5 Kc6 56. Rb6+ Kc7 57. Rb5 Kc6 58. Rb6+ Kc7 59. Rb5 1/2-1/2

[Event "RUS-ch Higher League 76th"]
[Site "Novokuznetsk"]
[Date "2023.06.28"]
[Round "3"]
[White "Kukhmazov, Arsen"]
[Black "Yatchenko, Leonid"]
[Result "1-0"]
[WhiteElo "2502"]
[BlackElo "2000"]
[PlyCount "59"]
[EventDate "2023.06.26"]
[EventType "swiss"]
[EventRounds "9"]
[EventCountry "RUS"]
[SourceTitle "EXT 2024"]
[Source "ChessBase"]
[SourceDate "2023.10.10"]
[SourceVersion "1"]
[SourceVersionDate "2023.10.10"]
[SourceQuality "1"]

1. d4 Nf6 2. c4 c5 3. d5 e6 4. Nc3 exd5 5. cxd5 d6 6. Nf3 g6 7. Nd2 Bg7 8. e4 0-0 9. Be2 Re8 10. 0-0 Nbd7 11. a4 Ne5 12. Ndb1 c4 13. Be3 Nfg4 14. Bd4 f5 15. h3 Nf6 16. exf5 Bxf5 17. Nd2 Nfd7 18. Nxc4 Nxc4 19. Bxc4 Qh4 20. Bxg7 Kxg7 21. Bb5 a6 22. Bxd7 Bxd7 23. Qd3 Bf5 24. Qd2 Qc4 25. a5 Re7 26. Ra4 Qc5 27. g4 Bd7 28. Ne4 Qa7 29. Qc3+ Kf7 30. Qf6+ 1-0

[Event "Tuapse Blitz op"]
[Site "Tuapse"]
[Date "2022.06.29"]
[Round "9"]
[White "Hasangatin, Ramil"]
[Black "Yatchenko, Leonid"]
[Result "1-0"]
[WhiteElo "2465"]
[BlackElo "1946"]
[PlyCount "197"]
[EventDate "2022.06.29"]
[EventType "swiss (blitz)"]
[EventRounds "13"]
[EventCountry "RUS"]
[SourceTitle "CBM 209 Extra"]
[Source "ChessBase"]
[SourceDate "2022.09.30"]
[SourceVersion "1"]
[SourceVersionDate "2022.09.30"]
[SourceQuality "1"]

1. e4 c5 2. Nf3 d6 3. d4 cxd4 4. Qxd4 Nc6 5. Bb5 Bd7 6. Bxc6 Bxc6 7. Nc3 e5 8. Qd3 h6 9. Nd2 Nf6 10. Nc4 Be7 11. Ne3 b5 12. Ncd5 0-0 13. 0-0 Rc8 14. c3 Bxd5 15. exd5 Qd7 16. Nf5 Rfe8 17. Bxh6 Bf8 18. Bg5 e4 19. Qh3 Re5 20. Bxf6 Rxf5 21. Bd4 Rc7 22. Rae1 Rxd5 23. Qxd7 Rxd7 24. Rxe4 f5 25. Re8 Kf7 26. Rfe1 b4 27. Ra8 bxc3 28. Bxc3 Rd3 29. Kf1 Rd5 30. Ree8 Be7 31. Ke2 Rc5 32. Kd3 d5 33. Rxe7+ Rxe7 34. Bb4 Rcc7 35. Bxe7 Kxe7 36. h4 g6 37. g3 Rb7 38. b3 Ke6 39. Kd4 Rc7 40. Re8+ Kf7 41. Re2 Kf6 42. Kxd5 Rc3 43. Kd4 Rc6 44. b4 Rc7 45. a4 Rc6 46. b5 Rc1 47. a5 Rb1 48. Kc5 Rc1+ 49. Kd6 Ra1 50. a6 Rb1 51. Kc6 Rb3 52. Kb7 Rxb5+ 53. Kxa7 f4 54. g4 Rb3 55. Ka8 f3 56. Re8 Kf7 57. Re4 Kg7 58. a7 g5 59. h5 Rb2 60. Rc4 Rxf2 61. Kb7 Rb2+ 62. Ka6 Ra2+ 63. Kb6 f2 64. Rc1 Kh6 65. Rf1 Rb2+ 66. Kc7 Ra2 67. Kb8 Rb2+ 68. Ka8 Ra2 69. Rh1 Rb2 70. Rf1 Ra2 71. Kb7 Rb2+ 72. Kc6 Ra2 73. Kb6 Rb2+ 74. Kc5 Ra2 75. Rxf2 Rxa7 76. Rf6+ Kh7 77. Rg6 Ra5+ 78. Kd6 Rb5 79. Kc6 Ra5 80. Kb6 Re5 81. Kc7 Ra5 82. Kd8 Rb5 83. Ke7 Ra5 84. Kf6 Ra6+ 85. Kxg5 Ra5+ 86. Kh4 Ra4 87. Re6 Ra7 88. Rd6 Kg7 89. h6+ Kh7 90. Kh5 Ra1 91. Rd7+ Kg8 92. g5 Ra6 93. g6 Ra5+ 94. Kg4 Ra4+ 95. Kf5 Ra5+ 96. Kf6 Ra6+ 97. Kf5 Ra5+ 98. Ke6 Ra8 99. Ke7 1-0

[Event "Murmansk ChessMates 4th"]
[Site "Murmansk"]
[Date "2020.03.14"]
[Round "3.2"]
[White "Yatchenko, Leonid"]
[Black "Matsumura, Cocoro"]
[Result "1/2-1/2"]
[WhiteElo "1705"]
[BlackElo "1896"]
[PlyCount "108"]
[EventDate "2020.03.13"]
[EventType "team-tourn"]
[EventRounds "5"]
[EventCountry "RUS"]
[SourceTitle "CBM 195 Extra"]
[Source "ChessBase"]
[SourceDate "2020.05.31"]
[SourceVersion "1"]
[SourceVersionDate "2020.05.31"]
[SourceQuality "1"]
[WhiteTeam "Novorossiysk"]
[BlackTeam "Ile de France Youth"]
[WhiteTeamCountry "RUS"]
[BlackTeamCountry "FRA"]

1. e4 c5 2. Nf3 d6 3. d4 cxd4 4. Qxd4 Nc6 5. Bb5 Bd7 6. Bxc6 Bxc6 7. Nc3 e5 8. Qd3 h6 9. Nd2 Nf6 10. Nc4 Be7 11. Ne3 Qd7 12. Ncd5 Bxd5 13. Nxd5 Nxd5 14. Qxd5 Rc8 15. Qd3 Rc6 16. Be3 Bg5 17. 0-0-0 Bxe3+ 18. Qxe3 0-0 19. f3 Rfc8 20. Rd2 Ra6 21. Kb1 Rc4 22. b3 Qb5 23. Rd5 Qb4 24. Qc1 Rcc6 25. Rhd1 b5 26. Qb2 Ra5 27. c3 Rxc3 28. Rxd6 Ra3 29. R6d5 Raxb3 30. axb3 Rxb3 31. R1d2 a5 32. Qxb3 Qxb3+ 33. Rb2 Qc4 34. Rdxb5 a4 35. Rb8+ Kh7 36. Rc2 Qd3 37. Rbc8 Qb3+ 38. Rb2 Qd3+ 39. Ka2 Kg6 40. Rc6+ Kg5 41. Rc7 h5 42. h3 Kh4 43. Rc6 Kg3 44. Rc7 g5 45. Rc8 f5 46. exf5 Qxf5 47. Rc4 Qd7 48. Rcb4 Qd1 49. Re4 Qd5+ 50. Ka3 Qa5 51. Rxa4 Qc3+ 52. Ka2 Qc5 53. Re4 Qa5+ 54. Kb1 Qd5 1/2-1/2